000 01535nam a22002297a 4500
001 114691
003 DR-UNIBE
005 20260528090100.0
008 260527b |||||||| |||| 00| 0 spa d
040 _aBIBLIOTECA UNIBE
_cBIBLIOTECA UNIBE
_erda
041 _aspa
082 _a341.24 S161m
100 _9205641
_a Salazar Grande, César Ernesto
_eautor
245 1 0 _aManual de derecho comunitario centroamericano /
_cCésar Ernesto Salazar Grande, Enrique Napoleón Ulate Chacón
260 _aManagua :
_bCorte Centroamericana de Justicia,
_c2009
520 3 _a La Corte Centroamericana de Justicia que representa la conciencia nacional de Centroamérica y se considera, además, depositaria y custodia de los valores que constituyen la nacionalidad centroamericana, tiene dentro de sus competencias la de promover estudios comparados relacionados con el Derecho comunitario y su aplicación jurisdiccional. El propósito fundamental de esta publicación, por parte de la Corte, es darle continuidad y contribuir al proceso de la formación de los jueces nacionales en las tres áreas fundamentales: El Sistema Institucional del SICA, el ordenamiento Jurídico comunitario y el sistema jurisdiccional o Derecho procesal comunitario
650 7 _2lemb
_aDerecho comunitario
_zAmérica Central
_9205671
650 7 _2lemb
_aDerecho internacional
_zAmérica Central
_9205672
650 7 _2lemb
_aTribunales internacionales
_zAmérica Central
_9205673
700 _a Ulate Chacón, Enrique Napoleón
_9205642
_eautor
942 _2ddc
_cBK
999 _c114691
_d114691